| Tag |
First Indicator |
Second Indicator |
Subfields |
| LEADER |
00000cam a2200000Ka 4500 |
| 001 |
in00001554521 |
| 005 |
20151022063633.0 |
| 008 |
991020s1999 kyua 000 0 eng d |
| 010 |
|
|
|a 99072902
|
| 020 |
|
|
|a 1882007174
|
| 035 |
|
|
|a (OCoLC)ocm42673381
|
| 040 |
|
|
|a M$U
|c M$U
|d TXA
|d UtOrBLW
|
| 049 |
|
|
|a TXAM
|
| 090 |
|
|
|a N8214.5.U6
|b P62 1999
|
| 245 |
0 |
2 |
|a A place not forgotten :
|b landscapes of the South from the Morris Museum of Art /
|c essays by William W. Freehling, Jessie Poesch, and J. Richard Gruber ; with additional contributions by Wendell Berry [and others].
|
| 264 |
|
1 |
|a Lexington, Ky. :
|b University of Kentucky Art Museum,
|c 1999.
|
| 300 |
|
|
|a 81 pages :
|b illustrations (mostly color) ;
|c 27 cm.
|
| 336 |
|
|
|a text
|b txt
|2 rdacontent
|
| 337 |
|
|
|a unmediated
|b n
|2 rdamedia
|
| 338 |
|
|
|a volume
|b nc
|2 rdacarrier
|
| 500 |
|
|
|a "Published by the University of Kentucky Art Museum in conjunction with the exhibitions A place not forgotten: landscapes of the South from the Morris Museum of Art and Town and country: landscapes from the collection, June 27, 1999-June 25, 2000"--Title page verso.
|
| 505 |
0 |
0 |
|t Foreword and acknowledgments /
|r Harriet Fowler --
|t The Southern landscape tradition : a preliminary perspective /
|r William W. Freehling --
|t Eyes to see : nineteenth-century landscapes /
|r Jessie Poesch --
|t Looking forward, looking back : painting the South, 1900-1950 /
|r J. Richard Gruber --
|t [Essay] /
|r Wendell Berry --
|t [Essay] /
|r Guy Davenport --
|t [Essay] /
|r John Egerton --
|t Old places /
|r James Baker Hall --
|t [Essay]
|r Sally Mann --
|t [Essay] /
|r Bobbie Ann Mason --
|t [Essay] /
|r Ed McClanahan --
|t Landscape of the Blue Ridge /
|r Robert Morgan --
|t Storied ground /
|r Gurney Norman --
|t [Essay] /
|r Chris Offutt --
|t The view from the ridge /
|r Estill Curtis Pennington --
|t When I consider the Southern landscape, three thoughts come to mind /
|r Sarah Tate --
|t Exhibition checklist : A place not forgotten --
|t Town and country : landscapes in the collection /
|r Rachel Sadinsky --
|t Exhibition checklist : Town and country.
|
| 500 |
|
|
|a Artists included in the exhibition A place not forgotten: Stephen Alke, Alexander Brook, Willie M. Chambers, George David Coulon, Elliott Daingerfield, Julius Delbos, Alexander John Drysdale, William Gilbert Gaul, Ellen Day Hale, Rachel V. Hartley, George F. Higgins, Alfred Heber Hutty, George D. Lee, Frank E. Lloyd, Hermon Atkins MacNeil, Fred McCall, Virginia Randall McLaws, Margaret A. Murphy, Augusta Oelschig, Thomas Addison Richards, Harry Roseland, Frank Shapleigh, Alice Ravenel Huger Smith, Will Henry Stevens, Ferdinand Graham Walker, William Aiken Walker, Frederick Theodore Weber.
|
| 500 |
|
|
|a Artists included in the exhibition Town and country: Milton Avery, John Constable, Maurice C. Denis, Julien Dupré, Emil Furst, Frederick Childe Hassam, John Frederick Herring, Jr., Alphonse Legros, William H. Lippincott, Gustave Loiseau, John Marin, Anton Mauve, James Edwin Meadows, Willard Leroy Metcalf, Edward Willis Redfield, Paul Sawyier, Karl Schmidt-Rottluff, Abraham Walkowitz.
|
| 650 |
|
0 |
|a Landscapes in art
|v Exhibitions.
|
| 651 |
|
0 |
|a Southern States
|x In art
|v Exhibitions.
|
| 650 |
|
0 |
|a Landscape painting
|y 19th century
|v Exhibitions.
|
| 650 |
|
0 |
|a Landscape painting
|y 20th century
|v Exhibitions.
|
| 650 |
|
0 |
|a Painting
|z Georgia
|z Augusta
|v Exhibitions.
|
| 610 |
2 |
0 |
|a Morris Museum of Art (Augusta, Ga.)
|v Exhibitions.
|
| 610 |
2 |
0 |
|a University of Kentucky.
|b Art Museum
|v Exhibitions.
|
| 700 |
1 |
|
|a Freehling, William W.,
|d 1935-
|
| 700 |
1 |
|
|a Poesch, Jessie J.
|
| 700 |
1 |
|
|a Gruber, J. Richard.
|
| 700 |
1 |
|
|a Berry, Wendell,
|d 1934-
|
| 710 |
2 |
|
|a University of Kentucky.
|b Art Museum.
|
| 710 |
2 |
|
|a Morris Museum of Art (Augusta, Ga.)
|
| 740 |
0 |
2 |
|a Town and country, landscapes in the collection.
|
| 994 |
|
|
|a E0
|b TXA
|
| 948 |
|
|
|a cataloged
|b h
|c 2000/8/2
|d c
|e pkellar
|f 12:43:08 pm
|
| 999 |
|
|
|a MARS
|
| 999 |
f |
f |
|s ce9983a7-c75c-3399-b741-396969c93e64
|i 283f071b-3d73-3f85-8326-3abb665fdbfe
|t 0
|
| 952 |
f |
f |
|p normal
|a Texas A&M University
|b College Station
|c Sterling C. Evans Library
|d Evans: Library Stacks
|t 0
|e N8214.5.U6 P62 1999
|h Library of Congress classification
|i unmediated -- volume
|m A14826495416
|
| 998 |
f |
f |
|a N8214.5.U6 P62 1999
|t 0
|l Evans: Library Stacks
|